000 01443cam a2200349 a 4500
001 11769262
005 20161007180928.0
008 990810s2000 mauaf b 001 0 eng
010 _a 99043521
020 _a0-07-229045-5 (acidfree paper)
035 _a(DLC) 99043521
040 _aDLC
_cDLC
_dDLC
050 0 0 _aPE1417
_b.H69 2000
082 0 0 _aDC 808.042721
_22000
_bH85e
100 1 _aHoy, Pat C.
245 1 0 _aEncounters :
_bessays for exploration and inquiry /
_cPat C. Hoy II, Robert DiYanni.
250 _aSecond Edition
260 _aBoston :
_bMcGraw-Hill,
_cc2000.
300 _alvi, 775 pages:
_bcolor illustrations ;
_c24 cm.
504 _aIncludes bibliographical references and index.
650 0 _aCollege readers.
650 0 _aEnglish language
_xRhetoric
_vProblems, exercises, etc.
650 0 _aReport writing
_vProblems, exercises, etc.
700 1 _aDiYanni, Robert.
856 4 2 _3Publisher description
_uhttp://www.loc.gov/catdir/description/mh023/99043521.html
856 4 1 _3Table of contents
_uhttp://www.loc.gov/catdir/toc/mh023/99043521.html
856 4 2 _3Contributor biographical information
_uhttp://www.loc.gov/catdir/enhancements/fy0737/99043521-b.html
906 _a7
_bcbc
_corignew
_d1
_eocip
_f19
_gy-gencatlg
942 _2ddc
_cDC
999 _c5057
_d5057